[Event "IECC M email"]
[Site "IECC email"]
[Date "1999.07.16"]
[Round "?"]
[White "Amman, Corbin"]
[Black "Passmoor, Lee"]
[Result "1-0"]
[WhiteElo "1200"]
[BlackElo "1199"]
[PlyCount "31"]
[EventDate "1999.??.??"]
[EventType "tourn (corr)"]
[EventRounds "6"]
[SourceTitle "Corr 2008"]
[Source "ChessBase"]
[SourceDate "2008.06.24"]
[SourceVersion "1"]
[SourceVersionDate "2008.06.24"]
[SourceQuality "1"]

1. e4 c5 2. Nf3 d6 3. d4 cxd4 4. Nxd4 Nf6 5. Nc3 Nc6 6. Bb5 Bd7 7. 0-0 Qb6 8. Be3 Nxd4 9. Bxd4 Qd8 10. e5 Bxb5 11. Re1 Bc6 12. exf6 gxf6 13. Bxf6 Rg8 14. g3 Qb6 15. Qxd6 e6 16. Rxe6+ 1-0